[Event "Stay Safe Play From Home 297"]
[Site "Emanuel Lasker Arena"]
[Date "2020.07.14"]
[Round "7"]
[White "Toosieslide"]
[Black "Uber_WING"]
[Result "0-1"]
[WhiteElo "2229"]
[BlackElo "2421"]
[Annotator "TA"]
[PlyCount "116"]
[EventDate "2020.07.14"]
[EventType "swiss (blitz)"]

{[%evp 9,116,92,74,43,54,60,64,38,65,-50,0,0,0,-571,-78,-100,-55,-56,100,-115,-112,-260,-260,-411,-387,-400,-376,-373,-272,-270,-234,-289,-281,-315,-310,-368,-255,-507,-497,-580,-577,-685,-572,-12429,-894,-764,-864,-5010,0,0,39,39,137,0,3,8,131,0,112,0,131,31,65,65,329,0,1,0,29969,29971,29971,29972,29972,29973,29977,29977,29976,6087,5210,0,0,0,5057,-29973,-29973,-29982,-29983,-29983,-29984,-29984,-29984,-29984,-29985,-29985,-29985,-29985,-29985,-29986,-29987,-29996,-29987,-29987,-29985,-29986,-29984,-29989,0,-29988,0]} 1. d4 e5 2. dxe5 d6 3. Nf3 Nc6 4. Bf4 Bg4 5. exd6 Qf6 6. Qc1 {A40: Unusual replies to 1 d4.} Bxd6 7. Bxd6 Qxd6 8. Nbd2 {White is slightly better.} O-O-O {[#]} 9. g3 $146 (9. e3 $1 $14) ({Predecessor:} 9. e3 Nge7 10. Be2 f6 11. c3 Nd5 12. b4 Rhe8 13. O-O g5 14. b5 Bxf3 15. Bxf3 {1-0 (45) Paduano,C (1757)-Buonanno,M (1472) Napoli 2016}) 9... Nf6 {[%mdl 1024] Black has compensation.} 10. Bg2 Rhe8 $36 {[%mdl 2048] Black has good play.} 11. c3 $2 {[%mdl 8192] [#]} (11. O-O $11) 11... Qd3 $2 (11... Rxe2+ $1 $19 {[%mdl 512]} 12. Kf1 (12. Kxe2 Qd3+) 12... Qd3) 12. Qd1 Qb5 13. O-O Ne5 $2 (13... Bxf3 $15 14. Bxf3 Qxb2 {[%mdl 64] Double Attack}) 14. Nxe5 $2 (14. a4 $16 {stays on course.} Qa6 15. Qb3) 14... Bxe2 $17 (14... Rxe5 $6 15. Qc1 $11) 15. c4 (15. Bh3+ $2 Kb8 $19) (15. Nc6 $17 bxc6 16. Qc2) 15... Qxe5 $19 16. Qb3 (16. Qc2 {was called for.} Bxf1 17. Rxf1) 16... Rxd2 17. Qxb7+ Kd8 18. Rfe1 Re6 19. Qxa7 Rb6 (19... Rxb2 20. Rad1+ $1 {[%mdl 512]} Rd6 21. Rxd6+ cxd6 22. Bf1 $15) 20. Qa8+ Ke7 21. Bf3 {Now Qa3+ and White clings on.} Rbxb2 22. Rac1 h5 ({Don't play} 22... Rxa2 23. Qc8 $19) 23. Qc6 $2 (23. Qa3+ c5 24. Rc3) 23... Ng4 24. Bxg4 hxg4 25. Qg2 Qd4 26. Kh1 Rbc2 (26... Kd7 $142 27. Rxe2 Rxe2 28. Qd5+ Qxd5+ 29. cxd5 Rxf2) 27. Rxc2 Rxc2 28. Qf1 Rd2 $2 (28... Qxc4 $19 29. h4 Kf6) 29. Rxe2+ $11 Rxe2 30. Qxe2+ {[%mdl 4096] Endgame KQ-KQ} Kf6 (30... Kd6 $14) 31. Qf1 (31. Kg2 $16) 31... Qe4+ 32. Kg1 Qd4 (32... Ke5 $11) 33. Qg2 (33. a4 $16) 33... Qe5 (33... Qa1+ $11 34. Qf1 Qxa2) 34. Qf1 (34. Qc6+ $16 Ke7 35. a4) 34... Qe6 (34... Qd4 $11) 35. f3 ({White should play} 35. Qa1+ $16 Kg6 36. a4) 35... Ke7 36. fxg4 f5 $2 {[%mdl 8192]} ({Black should try} 36... Qxg4 $14 37. Qe1+ Kd6) 37. Qf2 $2 ({Don't do} 37. gxf5 Qe4) (37. Qxf5 $18 Qe1+ 38. Kg2) 37... fxg4 38. Kf1 {aiming for Qe2.} g6 $2 {[%mdl 8192]} (38... Qxc4+ $11 39. Qe2+ Qxe2+ 40. Kxe2 Kd6) 39. Qe2 Kf7 {[#]} 40. Qxe6+ $1 Kxe6 {KP-KP} 41. Ke2 Ke5 42. Ke3 Kd6 43. Ke4 (43. Kd4 $142 c5+ 44. Ke4 Ke6 45. a4 g5 46. a5 Kd6 47. Kf5 {[%mdl 64] Double Attack} Kc7 48. Kxg5) 43... Kc5 $18 44. Kf4 $2 ({White must play} 44. Kd3 $18 Kb4 45. Kd4) 44... Kxc4 $11 45. Kxg4 {Strongly threatening Kf3. K3P-KPP} Kb4 $2 {[%mdl 8192]} (45... c5 $11 46. h4 (46. Kg5 $2 Kd3 $19) 46... Kc3) 46. Kg5 $4 {[%mdl 8192]} (46. Kf3 $18 c5 47. Ke2) 46... c5 47. Kxg6 {KP-KP} c4 48. h4 c3 49. h5 c2 50. h6 c1=Q 51. h7 Qc2+ 52. Kg7 Qc7+ 53. Kg8 Qxg3+ 54. Kh8 Qb8+ 55. Kg7 Qb7+ 56. Kg6 Qa8 57. Kg5 Qa6 $2 (57... Qf8 58. a4 Qg7+ {[%mdl 64] Double Attack} 59. Kh5 Kxa4 60. h8=B Qxh8+ 61. Kg4 Kb3 62. Kg3 Kc4 63. Kf4 Qf6+ 64. Ke4 Qg5 65. Kf3 Kd3 66. Kf2 Qg4 67. Kf1 Ke3 68. Ke1 Qg1#) 58. Kg4 $2 {[%mdl 8192]} (58. h8=Q $11) 58... Qb5 $2 {[%mdl 32768] What a bad dream for White. Accuracy: White = 31%, Black = 36%. . Loss on time!?} (58... Qg6+ {mates} 59. Kf4 Qxh7 60. Ke5 Kc5 61. a4 Qe7+ 62. Kf4 Kd4 63. Kf5 Qf7+ 64. Kg4 Ke4 65. Kg3 Qf3+ 66. Kh2 Qf2+ 67. Kh1 Kf3 68. a5 Qg2#) 0-1

[Event "Stay Safe Play From Home 297"]
[Site "Emanuel Lasker Arena"]
[Date "2020.07.14"]
[Round "7"]
[White "NTBT_DHS"]
[Black "BrainThinker22"]
[Result "1-0"]
[WhiteElo "2224"]
[BlackElo "2409"]
[Annotator "NA"]
[PlyCount "67"]
[EventDate "2020.07.14"]
[EventType "swiss (blitz)"]

1. e4 {[%emt 0:00:01]} d5 {[%emt 0:00:01]} 2. Nf3 {[%emt 0:00:00]} c6 {[%emt 0:00:02]} 3. e5 {[%emt 0:00:01]} Bf5 {[%emt 0:00:01]} 4. d4 {[%emt 0:00:00]} e6 {[%emt 0:00:00]} 5. Bd3 {[%emt 0:00:00]} Bxd3 {[%emt 0:00:01]} 6. Qxd3 {[%emt 0:00:00]} c5 {[%emt 0:00:00]} 7. O-O {[%emt 0:00:01]} Qb6 {[%emt 0:00:01]} 8. Nc3 {[%emt 0:00:02]} Nc6 {[%emt 0:00:03]} 9. Be3 {[%emt 0:00:02]} c4 {[%emt 0:00:02]} 10. Qd2 {[%emt 0:00:01]} Nge7 {[%emt 0:00:01]} 11. b3 {[%emt 0:00:00]} cxb3 {[%emt 0:00:02]} 12. axb3 {[%emt 0:00:00]} Nf5 {[%emt 0:00:00]} 13. Na4 {[%emt 0:00:01]} Qc7 {[%emt 0:00:01]} 14. c4 {[%emt 0:00:02]} Be7 {[%emt 0:00:04]} 15. Rfc1 {[%emt 0:00:02]} O-O {[%emt 0:00:02]} 16. cxd5 {[%emt 0:00:02]} exd5 {[%emt 0:00:00]} 17. Bf4 {[%emt 0:00:01]} Qd7 {[%emt 0:00:02]} 18. Nc5 {[%emt 0:00:02]} Bxc5 {[%emt 0:00:01]} 19. Rxc5 {[%emt 0:00:00]} b6 {[%emt 0:00:01]} 20. Rc3 {[%emt 0:00:01]} Rac8 {[%emt 0:00:02]} 21. Rac1 {[%emt 0:00:03]} Nce7 {[%emt 0:00:01]} 22. h3 {[%emt 0:00:04]} Rxc3 {[%emt 0:00:01]} 23. Rxc3 {[%emt 0:00:00]} Rc8 {[%emt 0:00:00]} 24. g4 {[%emt 0:00:00]} Rxc3 {[%emt 0:00:09]} 25. Qxc3 {[%emt 0:00:00]} Nh6 {[%emt 0:00:00]} 26. Bxh6 {[%emt 0:00:00]} gxh6 {[%emt 0:00:00]} 27. Qe3 {[%emt 0:00:00]} Kg7 {[%emt 0:00:03]} 28. Nh4 {[%emt 0:00:01]} Qe6 {[%emt 0:00:01]} 29. Qf4 {[%emt 0:00:01]} f6 {[%emt 0:00:02]} 30. Nf5+ {[%emt 0:00:02]} Nxf5 {[%emt 0:00:01]} 31. gxf5 {[%emt 0:00:00]} Qc6 {[%emt 0:00:02]} 32. e6 {[%emt 0:00:02]} Qc2 {[%emt 0:00:02]} 33. Kg2 {[%emt 0:00:04]} Qxb3 {[%emt 0:00:03]} 34. Qc7+ {[%emt 0:00:02] BrainThinker22 resigns (Lag: Av=0.61s, max=1.1s)} 1-0

[Event "Stay Safe Play From Home 297"]
[Site "Emanuel Lasker Arena"]
[Date "2020.07.14"]
[Round "7"]
[White "Lamborghini"]
[Black "Perca"]
[Result "1-0"]
[WhiteElo "2151"]
[BlackElo "1527"]
[Annotator "TA"]
[PlyCount "59"]
[EventDate "2020.07.14"]
[EventType "swiss (blitz)"]

{[%evp 9,59,60,71,67,117,126,113,118,116,116,126,130,120,104,129,126,269,237,266,212,593,626,657,630,613,595,526,330,422,268,275,112,126,102,73,78,335,348,289,284,29987,29988,29988,29989,29989,29982,29982,29983,29983,29984,29983,29982]} 1. e4 e5 2. Nf3 d6 3. d4 exd4 4. Nxd4 Bd7 5. Nc3 Nc6 6. Be3 {C46: 3 Nc3: Unusual Black 3rd moves.} Qe7 7. Qd2 Nf6 8. f3 {White is better.} g6 {[#]} 9. O-O-O $146 ({Predecessor:} 9. g4 Bg7 10. g5 Nh5 11. Nd5 Qd8 12. O-O-O Nxd4 13. Bxd4 Bxd4 14. Qxd4 Rg8 15. e5 {1-0 (69) Shkalikova,M (1867)-Akulova,T (1559) Moscow 2016}) 9... Bg7 10. g4 O-O 11. h4 Nxd4 12. Bxd4 Ne8 (12... Be6 $16 {is a better defense.}) 13. Bxg7 Nxg7 14. h5 b5 $2 (14... g5 {is a better chance.} 15. Nd5 Qd8) 15. Nd5 $18 Qd8 16. Qh6 {Hoping for g5.} c6 17. hxg6 fxg6 18. Qxh7+ Kf7 19. Nf4 Qf6 {[#]} 20. Nd3 (20. Qh2 $1 $18) 20... Rh8 $16 21. Qxh8 Rxh8 22. Rxh8 {And now e5! would win.} c5 $2 {[%mdl 8192] [#]} (22... Qxf3 $16 23. Bh3 Qe3+ 24. Kb1 Ne8) 23. e5 $1 $18 dxe5 24. Nxc5 Ne6 $2 (24... Bc6 $18 25. Rd7+ Bxd7 26. Rf8+ {[%mdl 64] Skewer} (26. Nxd7 $2 Qf4+ 27. Kb1 Qd4 $19) 26... Kxf8 27. Nxd7+ Kf7 28. Nxf6 Kxf6 29. Bxb5 Kg5) 25. Rxd7+ {[%mdl 64] Double Attack. White mates.} Qe7 26. Rh7+ {[%mdl 64] Skewer} Ng7 27. g5 Qxd7 28. Nxd7 Kg8 {[#]} 29. Rxg7+ $1 Kxg7 30. Nxe5 {Accuracy: White = 65%, Black = 35%.} 1-0

[Event "Stay Safe Play From Home 297"]
[Site "Emanuel Lasker Arena"]
[Date "2020.07.14"]
[Round "7"]
[White "Bardellosport"]
[Black "Sfantul321"]
[Result "1-0"]
[WhiteElo "2030"]
[BlackElo "1990"]
[Annotator "NA"]
[PlyCount "67"]
[EventDate "2020.07.14"]
[EventType "swiss (blitz)"]

1. d4 {[%emt 0:00:01]} g6 {[%emt 0:00:00]} 2. e3 {[%emt 0:00:00]} Bg7 {[%emt 0:00:00]} 3. f4 {[%emt 0:00:01]} d6 {[%emt 0:00:00]} 4. Nf3 {[%emt 0:00:00]} Nf6 {[%emt 0:00:00]} 5. Bc4 {[%emt 0:00:00]} O-O {[%emt 0:00:00]} 6. Qe2 {[%emt 0:00:00]} c6 {[%emt 0:00:01]} 7. e4 {[%emt 0:00:00]} d5 {[%emt 0:00:00]} 8. Bd3 {[%emt 0:00:01]} dxe4 {[%emt 0:00:01]} 9. Bxe4 {[%emt 0:00:00]} Nxe4 {[%emt 0:00:00]} 10. Qxe4 {[%emt 0:00:00]} Nd7 {[%emt 0:00:00]} 11. Qe2 {[%emt 0:00:00]} Nf6 {[%emt 0:00:00]} 12. c3 {[%emt 0:00:00]} Bg4 {[%emt 0:00:01]} 13. O-O {[%emt 0:00:01]} Qc7 {[%emt 0:00:01]} 14. Nbd2 {[%emt 0:00:01]} e6 {[%emt 0:00:01]} 15. h3 {[%emt 0:00:01]} Bxf3 {[%emt 0:00:01]} 16. Nxf3 {[%emt 0:00:00]} Nd5 {[%emt 0:00:01]} 17. Ne5 {[%emt 0:00:01]} f6 {[%emt 0:00:01]} 18. Nd3 {[%emt 0:00:01]} Rae8 {[%emt 0:00:01]} 19. Qf2 {[%emt 0:00:01]} e5 {[%emt 0:00:02]} 20. dxe5 {[%emt 0:00:01]} fxe5 {[%emt 0:00:01]} 21. g3 {[%emt 0:00:02]} exf4 {[%emt 0:00:01]} 22. gxf4 {[%emt 0:00:01]} b6 {[%emt 0:00:02]} 23. Qg2 {[%emt 0:00:01]} Kh8 {[%emt 0:00:03]} 24. Ne5 {[%emt 0:00:01]} Bxe5 {[%emt 0:00:01]} 25. fxe5 {[%emt 0:00:00]} Qxe5 {[%emt 0:00:01]} 26. Bh6 {[%emt 0:00:01]} Rxf1+ {[%emt 0:00:02]} 27. Rxf1 {[%emt 0:00:02]} Qe7 {[%emt 0:00:03]} 28. Qf3 {[%emt 0:00:04]} Kg8 {[%emt 0:00:02]} 29. h4 {[%emt 0:00:01]} a5 {[%emt 0:00:03]} 30. h5 {[%emt 0:00:01]} g5 {[%emt 0:00:02]} 31. Rf2 {[%emt 0:00:02]} Qe1+ {[%emt 0:00:02]} 32. Kg2 {[%emt 0:00:01]} Qe4 {[%emt 0:00:01]} 33. Qxe4 {[%emt 0:00:01]} Rxe4 {[%emt 0:00:01]} 34. Rf8# {[%emt 0:00:01] (Lag: Av=0.27s, max=0.6s)} 1-0

[Event "Stay Safe Play From Home 297"]
[Site "Emanuel Lasker Arena"]
[Date "2020.07.14"]
[Round "7"]
[White "TheCHESSHOUSE"]
[Black "Broken sword"]
[Result "0-1"]
[WhiteElo "1965"]
[BlackElo "2424"]
[Annotator "TA"]
[PlyCount "82"]
[EventDate "2020.07.14"]
[EventType "swiss (blitz)"]

{[%evp 11,82,14,33,14,33,30,35,34,64,53,47,46,54,57,64,54,57,-6,30,0,39,33,61,-58,11,4,287,-86,-85,-91,0,-25,-25,-28,-23,-62,-67,-54,-60,-114,-106,-110,-22,-110,-20,-48,-48,-270,-9,-557,-54,-617,-16,-262,-270,-266,-251,-192,-208,-29990,983,916,884,414,850,0,1732,1635,1999,1992,29997,-29998,29997]} 1. d4 d5 2. c4 c6 3. cxd5 cxd5 4. Nc3 Nf6 5. Bf4 Nc6 6. Nf3 Bf5 $1 {6...Bf5 scores better than 6...a6.} 7. Rc1 {D14: Slav Defence: Exchange variation with ...Bf5.} Qb6 8. Na4 Qa5+ 9. Bd2 {White is slightly better.} Qd8 10. e3 {Strongly threatening Nc5.} e6 11. Bb5 {[#]} Nd7 $146 ({Predecessor:} 11... Rc8 12. Ne5 Qd6 13. a3 Nd7 14. Bb4 Qb8 15. Bxf8 Rxf8 16. Bxc6 bxc6 17. Nxd7 Kxd7 18. O-O Kd6 19. Qd2 Qb5 20. Nc5 a5 {½-½ (20) Papa,A (1754)-D'Amato,P (1833) Bratto 2014}) 12. Bxc6 bxc6 13. Rxc6 Be7 14. Nc5 (14. O-O $14) 14... Nxc5 15. dxc5 O-O 16. Nd4 Bg6 17. Ra6 ({White should try} 17. Bc3 $14) 17... Qc8 ({Black should play} 17... Bxc5 $15 18. Bc3 Qe7) 18. Qe2 $11 {Threatening 0-0.} Bxc5 $2 {[%mdl 8192]} (18... Bh5 $11 19. f3 e5) 19. O-O $2 (19. Rc6 $18) 19... Bxd4 $17 20. exd4 Qb7 (20... Qc2 $17 {aiming for ...Bd3.} 21. Rc1 Qxb2) 21. b3 Rfc8 22. h3 h6 23. Rc1 Rxc1+ 24. Bxc1 Rc8 25. Bf4 (25. Bd2 $1 $15) 25... Rc2 26. Qf1 Bf5 (26... Rb2 $17 27. Kh2 Rxf2 $1 {[%mdl 576] Deflection} 28. Qxf2 Qxa6) 27. Ra5 (27. Ra4 $1 $11 {remains equal.}) 27... f6 (27... Qb4 $17 28. Rxa7 Rb2) 28. Rb5 Qc6 $36 {[%mdl 2048] Hoping for ...e5! Black has good play.} 29. a4 $2 {[#]} (29. Rb8+ $15 Kh7 30. Qb5) 29... Rb2 $2 (29... e5 $1 $19 {[%cal Re5f4][%mdl 512]} 30. Be3 (30. dxe5 $2 fxe5 31. Qd1 exf4 $19) 30... exd4) 30. Be3 $2 {[%mdl 8192]} (30. Rc5 $1 $11 {and White is okay.} Qb6 31. Qb5 Qxb5 32. Rxb5) 30... Qc2 $2 ({Better is} 30... Rb1 $19 31. Qxb1 Bxb1) 31. Qe1 $2 {[%mdl 8192] [#]} (31. Rc5 $15 Qxb3 32. Rb5) 31... Bd3 $2 (31... Rb1 $1 $19 {[%mdl 512]} 32. Qxb1 Qxb1+ 33. Kh2 Be4) 32. Rb8+ $2 (32. Bc1 $11 {and White has nothing to worry.} Rb1 33. Rc5) 32... Kh7 $19 {Threatens to win with ...Rb1!} 33. Qa5 {Black must now prevent Qd8.} Qd1+ ({Not} 33... Rxb3 34. Rxb3 Qxb3 35. Qxa7 $17) 34. Kh2 Rb1 $1 {( -> ...Qh1+)} ({Worse is} 34... Rxb3 35. Rxb3 Qxb3 36. Qxa7 $11) 35. Qc7 $2 (35. Qd8 $19 Qh1+ 36. Kg3) 35... Qh5 $4 {[%mdl 8192]} (35... Qh1+ {avoids the disaster.} 36. Kg3 Rg1 $1 {[%mdl 512]} 37. Qxg7+ Kxg7 38. Rb7+ Kg6 39. Rg7+ {[%mdl 64] Decoy} Kxg7 40. Bxh6+ Kxh6 41. Kf3 Qxg2+ 42. Ke3 Rd1 43. Kf4 Qxf2+ {[%mdl 64] Double Attack} 44. Kg4 Rg1#) 36. Qd8 Qf7 37. Qh8+ Kg6 {[#]} 38. Rf8 $2 (38. Rg8 $1 $18 {[%mdl 512] White wants to mate with Qxh6+.} Qxg8 39. Qxg8) 38... Qd7 $2 {[%mdl 8192] [#]} (38... Qc7+ $11 39. f4 Rxb3) 39. Rg8 $1 $18 {[%mdl 512] Qxh6+ would kill now.} Qc7+ 40. g3 {White threatens Qxh6+ and mate.} Be4 41. f3 $4 {[%mdl 8192]} (41. Qxh6+ $1 {is the narrow road to win.} Kf5 42. Qh7+ g6 43. Qxg6# (43. Qxc7 $2 {gets mated.} Rh1#)) 41... Bxf3 $4 {[%mdl 40960] White used his chance. Accuracy: White = 35%, Black = 38%. . Loss on time!?} (41... Qc2+ 42. Bf2 Qxf2#) 0-1

[Event "Stay Safe Play From Home 297"]
[Site "Emanuel Lasker Arena"]
[Date "2020.07.12"]
[Round "7"]
[White "Patzeroglu"]
[Black "Chesstiger9"]
[Result "1-0"]
[WhiteElo "1925"]
[BlackElo "1988"]
[Annotator "TA"]
[PlyCount "101"]
[EventDate "2020.07.12"]
[EventType "swiss (blitz)"]

{[%evp 10,100,32,10,9,26,25,0,93,99,103,93,118,44,62,50,75,19,18,18,13,2,3,-3,40,11,55,55,90,28,75,78,167,158,149,104,394,392,2092,2120,2060,1972,2305,2221,2260,2241,2629,2517,29982,29983,29990,29991,29989,29990,29990,29991,29991,29991,29991,29992,29992,29992,29993,29994,29994,29993,29993,29993,29993,29994,29994,29994,29994,29994,29994,29994,29995,29995,29995,29996,29996,29997,29997,29997,29997,29996,29996,29997,29997,29998,29998,29999,29999]} 1. e4 c5 2. Nf3 e6 3. d4 cxd4 4. Nxd4 Nc6 5. Be3 a6 6. Nd2 d5 {B44: Sicilian: Taimanov: 5 Nb5.} 7. Bd3 Nf6 8. O-O {[#]} dxe4 $146 (8... Bd7 $11 {keeps the balance.}) ({Predecessor:} 8... Be7 9. exd5 Nxd5 10. Nxc6 bxc6 11. Bd4 O-O 12. Nb3 a5 13. Re1 Bf6 14. c4 Nb4 {½-½ (24) Ioannidis,E (2292)-Kovalev,A (2487) Budapest 2015}) 9. Nxc6 $16 bxc6 10. Nxe4 Nd5 11. Bc5 ({White should try} 11. Bd2 $16) 11... Bxc5 $14 12. Nxc5 Qb6 13. Nb3 (13. Na4 $16 Qc7 14. Qf3) 13... O-O $11 14. c4 Nf6 15. c5 $36 {[%mdl 2048] White is more active.} Qc7 16. Qe1 e5 17. Qa5 Qe7 18. Rfe1 Nd5 19. Nd4 (19. Qa4 $16) 19... Qf6 20. Nf3 e4 (20... Bf5 $16 {keeps fighting.} 21. Bxf5 (21. Nxe5 Rae8 $16) 21... Qxf5) 21. Bxe4 $18 Qxb2 22. Ne5 f5 $2 {[%mdl 8192] This costs Black the game.} (22... Nc3 $16 {is a better defense.} 23. Bf3 (23. Bxc6 Rb8 $16) 23... Ne2+ {[%mdl 64] Discovered Attack} 24. Bxe2 (24. Rxe2 Qxa1+ 25. Re1 Qb2 $14) 24... Qxe5) 23. Bf3 Qb4 $2 (23... Be6 24. Nxc6 Rae8) 24. Bxd5+ cxd5 25. Qxb4 f4 26. c6 Bf5 27. Rac1 Rac8 28. Qxf4 Be4 {[#]} 29. Rxe4 $3 {White mates.} Rxf4 (29... dxe4 30. Qxe4) 30. Rxf4 g5 31. Rb4 Kg7 32. c7 Kf6 33. Rb8 Rxc7 34. Ng4+ {[%mdl 64] [#] Zwischenzug} Kf5 35. Ne3+ Ke4 36. Rxc7 d4 37. Rd8 dxe3 38. Re7+ Kf5 39. Rf8+ Kg6 40. Rxe3 g4 41. Re7 h5 42. g3 a5 43. a4 h4 44. gxh4 g3 45. fxg3 Kh5 46. Re5+ Kg6 47. Rxa5 Kg7 48. Rb8 Kf6 49. Rb6+ Ke7 50. Ra7+ Kd8 51. Rb8# {Accuracy: White = 61%, Black = 33%.} 1-0

[Event "Stay Safe Play From Home 297"]
[Site "Emanuel Lasker Arena"]
[Date "2020.07.12"]
[Round "7"]
[White "Haris kollari 13"]
[Black "AChessPlayer"]
[Result "1-0"]
[WhiteElo "1887"]
[BlackElo "2350"]
[Annotator "NA RC"]
[PlyCount "81"]
[EventDate "2020.07.12"]
[EventType "swiss (blitz)"]

1. e4 {[%emt 0:00:03]} c5 {[%emt 0:00:01]} 2. Nf3 {[%emt 0:00:02]} e6 {[%emt 0:00:00]} 3. d4 {[%emt 0:00:01]} cxd4 {[%emt 0:00:00]} 4. Nxd4 {[%emt 0:00:01]} Nc6 {[%emt 0:00:00]} 5. Nc3 {[%emt 0:00:02]} Qc7 {[%emt 0:00:00]} 6. Be3 {[%emt 0:00:01]} a6 {[%emt 0:00:00]} 7. f4 {[%emt 0:00:01]} Nf6 {[%emt 0:00:00]} 8. Be2 {[%emt 0:00:02]} Bb4 {[%emt 0:00:03]} 9. Bf3 {[%emt 0:00:01]} d5 {[%emt 0:00:02]} 10. e5 {[%emt 0:00:01]} Ne4 {[%emt 0:00:03]} 11. Bxe4 {[%emt 0:00:11]} dxe4 {[%emt 0:00:00]} 12. O-O {[%emt 0:00:01]} Bxc3 {[%emt 0:00:07]} 13. bxc3 {[%emt 0:00:01]} Ne7 {[%emt 0:00:00]} 14. Qd2 {[%emt 0:00:03]} O-O {[%emt 0:00:02]} 15. Rab1 {[%emt 0:00:02]} b5 {[%emt 0:00:01]} 16. Nb3 {[%emt 0:00:11]} Rd8 {[%emt 0:00:01]} 17. Bd4 {[%emt 0:00:02]} Bb7 {[%emt 0:00:02]} 18. Rfe1 {[%emt 0:00:07]} e3 {[%emt 0:00:02]} 19. Qxe3 {[%emt 0:00:06]} Nf5 {[%emt 0:00:05]} 20. Qf2 {[%emt 0:00:03]} Rac8 {[%emt 0:00:04]} 21. Rbd1 {[%emt 0:00:03]} Qc6 {[%emt 0:00:04]} 22. Rd2 {[%emt 0:00:15]} Ba8 {[%emt 0:00:04]} 23. h3 {[%emt 0:00:21]} h5 {[%emt 0:00:01]} 24. Kh2 {[%emt 0:00:04]} h4 {[%emt 0:00:01]} 25. Red1 {[%emt 0:00:10]} Ng3 {[%emt 0:00:08]} 26. Qg1 {[%emt 0:00:14]} Ne4 {[%emt 0:00:04]} 27. Rd3 {[%emt 0:00:09]} Rd5 {[%emt 0:00:09]} 28. Qe1 {[%emt 0:00:11]} Ng3 {[%emt 0:00:01]} 29. Rxg3 {[%emt 0:00:14]} hxg3+ {[%emt 0:00:01]} 30. Qxg3 {[%emt 0:00:00]} Rcd8 {[%emt 0:00:04]} 31. Rd3 {[%emt 0:00:04]} Qc7 {[%emt 0:00:04]} 32. Qf2 {[%emt 0:00:07]} a5 {[%emt 0:00:01]} 33. Bb6 {[%emt 0:00:03]} Qc8 {[%emt 0:00:09]} 34. Bxd8 {[%emt 0:00:02]} Qxd8 {[%emt 0:00:00]} 35. Nd4 {[%emt 0:00:12]} Qc7 {[%emt 0:00:13]} 36. Qe3 {[%emt 0:00:04]} Bb7 {[%emt 0:00:08]} 37. Ne2 {[%emt 0:00:05]} Rc5 {[%emt 0:00:06]} 38. Qd4 {[%emt 0:00:11]} Qc6 {[%emt 0:00:03]} 39. Qd8+ {[%emt 0:00:09]} Kh7 {[%emt 0:00:03]} 40. Qh4+ {[%emt 0:00:03]} Kg8 {[%emt 0:00:00]} 41. Rd8+ {[%emt 0:00:02] AChessPlayer resigns (Lag: Av=0.78s, max=1.5s)} 1-0

[Event "Stay Safe Play From Home 297"]
[Site "Emanuel Lasker Arena"]
[Date "2020.07.14"]
[Round "7"]
[White "Buzaglo"]
[Black "Little champs"]
[Result "0-1"]
[WhiteElo "1786"]
[BlackElo "2246"]
[Annotator "TA"]
[PlyCount "128"]
[EventDate "2020.07.14"]
[EventType "swiss (blitz)"]

{[%evp 9,128,8,-7,8,10,8,35,9,47,-77,65,13,36,36,45,41,59,43,102,0,29,40,36,-103,-86,-120,-127,-123,-131,-127,-87,-150,-91,-309,-107,-202,-125,-199,-97,-230,-216,-218,-208,-298,-185,-199,-190,-306,-297,-293,-297,-358,-316,-551,-422,-422,-408,-425,-424,-991,-518,-1702,-336,-373,-234,-518,-506,-489,-324,-358,0,0,0,-446,-443,-432,-425,-404,-354,-325,-281,-281,-281,-480,-477,-469,-422,-349,-277,-284,-236,-2085,-1814,-1064,-1166,-2327,-2068,-4830,-4853,-3260,-2587,-29975,-29976,-29978,-29979,-29979,-29980,-29980,-29981,-29981,-29982,-29985,-29983,-29983,-29984,-29989,-29985,-29989,-29986,-29989,-29990]} 1. d3 c6 2. e4 d5 3. Nc3 dxe4 4. Nxe4 Nf6 5. Nf3 Nxe4 6. dxe4 {B11: Caro-Kann: Two Knights Variation.} Qxd1+ 7. Kxd1 g6 8. Bd3 {White is slightly better.} Bg7 {[#]} 9. Be3 $146 (9. c3 $14) ({Predecessor:} 9. Ke2 O-O 10. Re1 Nd7 11. c3 Ne5 12. Nxe5 Bxe5 13. h3 Bg7 14. Kf1 Be6 15. Be3 {½-½ (47) Guerra,R (1296)-Belchior,N (1500) Ponta Delgada 2017}) 9... O-O (9... Bxb2 $17 10. Rb1 Bg7) 10. Rb1 (10. c3 $14) 10... Bg4 11. c3 Bxf3+ 12. gxf3 Nd7 13. h4 Ne5 (13... Rfd8 $14 14. Kc2 h5) 14. Ke2 (14. Be2 $1 $16) 14... Rfd8 15. Bc2 Nc4 16. b3 (16. Bc1 $14 {keeps the upper hand.}) 16... Nxe3 17. Kxe3 Bxc3 18. f4 Bd4+ 19. Kf3 a6 20. f5 {[#]} (20. Rhd1 $142) 20... Bb6 ({Black should play} 20... Bxf2 $1 {[%mdl 512] aiming for ...Rd2.} 21. h5 (21. Kxf2 Rd2+) 21... Bd4 22. hxg6 hxg6) 21. h5 $2 (21. Rbd1 $17) 21... g5 $2 (21... Rd2 $19 22. Rbc1 Rxf2+ 23. Kg3 gxf5 24. exf5 Kh8) 22. Kg4 (22. Rbd1 $17) 22... f6 23. f4 {[#]} (23. Rhd1 $17) 23... h6 (23... Rd2 $1 $19 {[%cal Rd2c2] has better winning chances.} 24. Bd1 gxf4 25. Kxf4 Rad8) 24. e5 (24. Rbd1 $17 {was worth a try.}) 24... Rd2 $19 25. Rbc1 Rd4 26. Rhf1 (26. exf6 $142 Rxf4+ 27. Kh3) 26... Rad8 27. Kg3 Bc7 28. fxg5 (28. Rcd1 {was called for.}) 28... Bxe5+ 29. Kg2 hxg5 30. h6 Kh7 31. Rf3 $2 (31. Rcd1) 31... Rd2+ 32. Rf2 Rxf2+ 33. Kxf2 {[%mdl 4096] Endgame KRB-KRB} Rd2+ 34. Ke3 (34. Ke1 $142 Rh2 35. Bd3) 34... Rh2 35. Be4 (35. Kd3 $142) 35... Kxh6 $2 (35... Bf4+ 36. Kf3 Bxc1) 36. Rd1 g4 37. Rd7 $2 (37. Rh1) 37... Kg5 {Strongly threatening ...Bf4+.} 38. Rxe7 g3 39. Rg7+ Kh4 $2 (39... Kh6 $19 40. Rg6+ Kh7) 40. Rh7+ $11 Kg4 (40... Kg5 $2 41. Rxh2 gxh2 42. Kf2 $19) 41. Rxh2 $4 {[%mdl 8192] White is on the road to losing.} (41. Rg7+ $11 Kh5 42. Rg6) 41... gxh2 {KB-KB} 42. Kf2 Kf4 43. Bg2 Bd4+ 44. Kf1 Kxf5 45. Bh1 Kf4 {And now ...Ke3 would win.} 46. Kg2 $2 (46. Ke2) 46... Ke3 {...Be5 is the strong threat.} 47. Kxh2 f5 48. Kg3 f4+ 49. Kg4 Be5 50. a4 $2 (50. Bf3) 50... Kd3 $19 51. Kf5 Bc7 52. Bf3 Kc3 53. Bd1 {[#]} f3 $1 54. Bxf3 Kxb3 55. Ke4 Kxa4 {Black mates.} 56. Bd1+ Kb4 57. Be2 a5 {[%cal Ba6a5,Ba5a4,Ba4a3][%mdl 32]} 58. Kd3 a4 59. Kc2 b5 60. Kb1 c5 61. Ka2 c4 62. Bd1 a3 63. Bc2 Be5 64. Bb1 Bd6 {Accuracy: White = 31%, Black = 51%.} 0-1